000 00826nam a2200265 a 4500
001 22744
003 SK-KTurca
005 20260422155008.0
007 fb u a
008 180730s2007 xo ff 000 1 slo d
020 _a9788055113609
_q(brail)
035 _aLESKN13148
040 _aLESKN
_bslo
_cLESKN
041 1 _aslo
_heng
044 _axo
_cSK
100 1 _aSteel, Danielle,
_d1947-
245 1 _aDebutantky
_hBraillovo písmo
_cDanielle Steelová
_nZv. 1
260 _aBratislava
_bIkar
_c2007
300 _abrail
520 2 _aKronika rodiny Rubisteinovcov, ktorú naruší pozvánka na ples debutantiek.
650 0 7 _aromány spoločenské
_2LESKN
655 7 _apublikácie v Braillovom písme
_2SNKPH
942 _2ddc
_cKLDO
_n0
999 _c22744
_d22744